000
00240nam a22001217a 4500
003
SGT
082
_b
KHA
100
_a
KHANDWAL, DHEERA
245
_a
TAARO KI TARAF
260
_a
DELHI
_b
S CHAND
_c
2012
300
_a
350
942
_2
ddc
_c
BK
999
_c
20272
_d
20272